Escola Superior dels Bells Oficis
Descripción Física:
40 p. ; 28 cm
MARC
| LEADER | 00000nam a2200000Ia 4500 | ||
|---|---|---|---|
| 001 | 9281 | ||
| 008 | 160829s1915 xx 000 0 cat d | ||
| 080 | |a RF-10-17 | ||
| 245 | |a Escola Superior dels Bells Oficis | ||
| 260 | |a Barcelona : |b Diputació de Barcelona, |c 1915 | ||
| 300 | |a 40 p. ; |c 28 cm | ||
| 650 | |a Escola Superior dels Bells Oficis |9 33407 | ||
| 650 | 0 | |a Formació professional |z Barcelona (Catalunya) |9 48900 | |
| 650 | 0 | |a Art |x Ensenyament |x Barcelona (Catalunya) |9 47734 | |
| 710 | 1 | |a Barcelona (Catalunya : Província). |b Diputació |9 52408 | |
| 856 | 4 | |u https://media.diba.cat/diba/fitxers/arxiu/fulletons/bib_9281_1915_baixa.pdf |y Accés lliure | |
| 856 | 4 | |u https://media.diba.cat/diba/fitxers/arxiu/fulletons/bib_9281_1915_baixa.pdf |y Accés lliure | |
| 901 | |a Arxiu | ||
| 942 | |n 1 |2 udc | ||
| 952 | |0 0 |1 0 |2 udc |4 0 |6 RF1017 |7 1 |9 48567 |a Arxiu |b Arxiu |d 2016-12-01 |l 0 |o RF-10-17 |p 9281 |r 2016-12-01 00:00:00 |w 2016-12-01 |y ARXIU | ||
| 999 | |c 52397 |d 52397 | ||
| 900 | |a bib_9281_1915_baixa.pdf | ||